General Knowledge (a bit harder than usual) - Statistics

General Stats
  • This quiz has been taken 329 times
  • The average score is 4 of 15
Answer Stats
Hint Answer % Correct
Composer of the Nutcracker Tchaikovsky
69%
Industrial region of Germany Ruhr
67%
Inventor of the World Wide Web Tim Berners-Lee
67%
When was the battle of Waterloo fought? 1815
55%
3rd Roman Emperor Caligula
48%
Measure of disorder, randomness, or the unavailability of a system's energy entropy
39%
World's second coffee producer country Vietnam
18%
Unit of measurement of luminous intensity (in ISU) candela
15%
Julius Caesar birth year 100 b.C.
10%
Novel that is considered the foundational work of the Cyberpunk genre Neuromancer
7%
Name of the company that owns the spaceship where the movie 'Alien' takes place Weyland-Yutani
7%
Author of best-selling book "The Caves of Steel" Asimov
5%
Designer of Spider-Man Steve Ditko
4%
The symbol *ansuz is part of which alphabetic system? runic
3%
How many different languages exist? 7100
2%
No matching quizzes found
Score Distribution
Percent of People with Each Score
Percentile by Number Answered
Your Score History
You have not taken this quiz